| Tag |
First Indicator |
Second Indicator |
Subfields |
| LEADER |
00000cam a2200000 i 4500 |
| 001 |
in00000991521 |
| 005 |
20150927161130.0 |
| 008 |
751211s1974 nyua 00010 eng d |
| 035 |
|
|
|a (OCoLC)01891431
|
| 035 |
|
|
|9 AEY5516AM
|
| 040 |
|
|
|a OLA
|c OLA
|d m/c
|d TXA
|d UtOrBLW
|
| 049 |
1 |
|
|a TXA2
|
| 090 |
|
|
|a QH541.5.E8
|b M44 1974
|
| 100 |
1 |
|
|a Meldrim, John W.
|
| 245 |
1 |
4 |
|a The effect of temperature and chemical pollutants on the behavior of several estuarine organisms /
|c by John W. Meldrim, James J. Gift, and Bernard R. Petrosky.
|
| 264 |
|
1 |
|a Ithaca, N. Y. :
|b Ichthyological Associates, Inc.,
|c 1974.
|
| 300 |
|
|
|a 129 pages :
|b illustrations ;
|c 28 cm.
|
| 336 |
|
|
|a text
|b txt
|2 rdacontent
|
| 337 |
|
|
|a unmediated
|b n
|2 rdamedia
|
| 338 |
|
|
|a volume
|b nc
|2 rdacarrier
|
| 490 |
1 |
|
|a Bulletin - Ichthyological Associates ;
|v no. 11
|
| 536 |
|
|
|b 14-31-001-3677
|
| 650 |
|
0 |
|a Estuarine pollution.
|
| 650 |
|
0 |
|a Estuarine ecology.
|
| 650 |
|
0 |
|a Thermal pollution of rivers, lakes, etc.
|
| 650 |
|
0 |
|a Chlorine.
|
| 650 |
|
0 |
|a Fishes
|x Behavior.
|
| 651 |
|
0 |
|a Delaware River Estuary.
|
| 700 |
1 |
|
|a Gift, James J.
|
| 700 |
1 |
|
|a Petrosky, Bernard R.
|
| 710 |
1 |
|
|a United States.
|b Office of Water Research and Technology.
|
| 710 |
2 |
|
|a Public Service Electric and Gas of New Jersey.
|
| 710 |
2 |
|
|a Manufacturing Chemists' Association (U.S.)
|
| 710 |
2 |
|
|a Philadelphia Electric Company.
|
| 710 |
2 |
|
|a Consolidated Edison of New York, Inc.
|
| 830 |
|
0 |
|a Bulletin (Ichthyological Associates) ;
|v no. 11.
|
| 999 |
|
|
|a MARS
|
| 999 |
f |
f |
|s eee71a11-2139-347f-b7e3-4334b0791cf1
|i effaccee-0fc7-3c55-9059-3944f0cfcecf
|t 0
|
| 952 |
f |
f |
|p ric
|a Texas A&M University
|b Rellis Campus
|c Joint Library Facility
|d Remote Storage
|t 0
|e QH541.5.E8 M44 1974
|h Library of Congress classification
|i unmediated -- volume
|m A14814169025
|
| 998 |
f |
f |
|a QH541.5.E8 M44 1974
|t 0
|l Remote Storage
|